000 00561nam a2200205Ia 4500
005 20260429112227.0
008 260429s9999||||xx |||||||||||||| ||und||
020 _a9781032904986
041 _aEnglish
082 _a001.4
_bCHO
100 _aChowdhary, Nimit
245 0 _aResearch and publication ethics :
_ban introduction /
_cNimit Chowdhary
260 _aLondon :
_bRoutledge,
_c2024.
300 _axi, 284 p.; hb
650 _a Publication ethics
650 _aResearch ethics
700 _a Prakash, Monika
700 _a Sunayana
942 _cTB
999 _c52996
_d52996